000 00428nam a22001577a 4500
005 20251108171844.0
008 250721s9999 xx 000 0 ara d
082 1 4 _a618.67/سلا
100 1 _aموسى، سلامه
245 1 0 _aحياتنا بعد الخمسين /
264 _bسلامه موسى للنشر و التوزيع،
300 _a160ص
650 1 7 _aالشيخوخه
942 _2ddc
_cBK
999 _c64349
_d64349